000 00701nam a2200241Ia 4500
003 OSt
005 20221007072658.0
006 a|||||r|||| 00| 0
007 ta
008 221006b |||||||| |||| 00| 0 eng d
024 _a3,203
037 _cTextual
040 _aFLL
_cFLL
_beng
041 _2eng
_aeng
082 _aZ3:805, 1973
100 _aButler T.R.Fitzwalter
245 0 _aArchbold pleading evidence & practice in criminal cases
250 _a38th
260 _aLondon
_bSweet & maxwell U.K
_c1973
650 _aPleading evidence and practice in criminal cases
_9691198
942 _hZ3:805, 1973
_cTEXL
_2CC
999 _c1146709
_d1146709